Aportaciones a la teoría de la producción conjunta (Registro nro. 4293)
[ vista simple ]
| 000 -LEADER | |
|---|---|
| fixed length control field | 01609 a2200217 4500 |
| 001 - CONTROL NUMBER | |
| control field | 47125 |
| 005 - DATE AND TIME OF LATEST TRANSACTION | |
| control field | 20260407155739.0 |
| 008 - FIXED-LENGTH DATA ELEMENTS--GENERAL INFORMATION | |
| fixed length control field | 260407a1986 arg spa d |
| 003 - CONTROL NUMBER IDENTIFIER | |
| control field | AR-UNSa-BCEJYS |
| 040 ## - CATALOGING SOURCE | |
| Original cataloging agency | AR-UNSa-BCEJYS |
| Language of cataloging | spa |
| Transcribing agency | AR-UNSa-BCEJYS |
| 080 ## - UNIVERSAL DECIMAL CLASSIFICATION NUMBER | |
| Universal Decimal Classification number | 658.5 |
| Common auxiliary subdivision | Planificación y control de la producción<br/> |
| 020 ## - INTERNATIONAL STANDARD BOOK NUMBER | |
| International Standard Book Number | 968-16-2242-1 |
| 100 1# - MAIN ENTRY--PERSONAL NAME | |
| Personal name | Pasinetti, Luigi |
| 245 10 - TITLE STATEMENT | |
| Title | Aportaciones a la teoría de la producción conjunta |
| 264 #1 - PRODUCTION, PUBLICATION, DISTRIBUTION, MANUFACTURE, AND COPYRIGHT NOTICE | |
| Place of production, publication, distribution, manufacture | México : |
| Name of producer, publisher, distributor, manufacturer | Fondo de Cultura Económica |
| Date of production, publication, distribution, manufacture, or copyright notice | 1986 |
| 300 ## - PHYSICAL DESCRIPTION | |
| Extent | 286 p. |
| Dimensions | 23 cm. |
| 505 ## - FORMATTED CONTENTS NOTE | |
| Formatted contents note | 1. Aportaciones a la teoría de la producción conjunta: introducción / Luigi Pasinetti - 2. El modelo de Piero Sraffa para producción conjunta de mercancías por medio de mercancías / Carlos Felice Manara - 3. La noción de sector verticalmente integrado en el análisis económico / Luigi Pasintetti - 4. Mercancías básicas, mercancías no básicas y producción conjunta / Ian Steedman - 5. Nota sobre las mercancías básicas, las mercancías no básicas y la producción conjunta / Luigi Pasinetti - 6. Precios, tasa de beneficio y duración del capital fijo en el esquema teórico de Piero Sraffa / Paolo Varri - 7. El capital fijo en el esquema teórico de Piero Sraffa / salvatore Baldone - 8. Capital fijo, acumulación y progreso técnico / Bertram Schefold - 9. Renta de la tierra, distribución del ingreso, orden de eficiencia y de rentabilidad / Alberto Quadrio Curzio - |
| 590 ## - LOCAL NOTE (RLIN) | |
| Local note | niveau_biblio:m niveau_hierar:0 |
| 856 41 - ELECTRONIC LOCATION AND ACCESS | |
| Uniform Resource Identifier | <a href="https://www.biblioeco.unsa.edu.ar/pmb/images/libros/L127398.jpg">https://www.biblioeco.unsa.edu.ar/pmb/images/libros/L127398.jpg</a> |
| Link text | Imagen de portada |
| Electronic format type | image/jpeg |
| 942 ## - ADDED ENTRY ELEMENTS (KOHA) | |
| Koha item type | |
| Withdrawn status | Lost status | Damaged status | Not for loan | Home library | Current library | Shelving location | Date acquired | Total checkouts | Full call number | Barcode | Date last seen | Price effective from | Koha item type |
|---|---|---|---|---|---|---|---|---|---|---|---|---|---|
| Biblioteca Prof. Eusebio Cleto del Rey | Biblioteca Prof. Eusebio Cleto del Rey | 07/04/2026 | 658.5 P282 | L127398 | 07/04/2026 | 07/04/2026 | Libro |